Statistics for Countries of Europe by Top-Level Domain

Click here to take the quiz!

General Stats

  • This quiz has been taken 28 times
  • The average score is 46 of 53

Answer Stats

Top-Level DomainCountry / Territory% Correct
.alAlbania
100%
.adAndorra
100%
.beBelgium
100%
.czCzechia
100%
.dkDenmark
100%
.fiFinland
100%
.frFrance
100%
.deGermany
100%
.huHungary
100%
.lvLatvia
100%
.nlNetherlands
100%
.noNorway
100%
.plPoland
100%
.roRomania
100%
.ukUnited Kingdom
100%
.vaVatican City
100%
.eeEstonia
96%
.grGreece
96%
.ieIreland
96%
.itItaly
96%
.ltLithuania
96%
.luLuxembourg
96%
.ptPortugal
96%
.ruRussia
96%
.skSlovakia
96%
.esSpain
96%
.atAustria
91%
.isIceland
91%
.mdMoldova
91%
.meMontenegro
91%
.smSan Marino
91%
.byBelarus
87%
.baBosnia and Herzegovina
87%
.bgBulgaria
87%
.euEuropean Union
87%
.siSlovenia
87%
.chSwitzerland
87%
.hrCroatia
83%
.liLiechtenstein
83%
.mtMalta
83%
.mcMonaco
83%
.uaUkraine
83%
.seSweden
78%
.mkNorth Macedonia
74%
.rsSerbia
70%
.foFaroe Islands
65%
.giGibraltar
57%
.glGreenland
57%
.jeJersey
52%
.ggGuernsey
48%
.imIsle of Man
48%
.axÅland Islands
35%
.sjSvalbard / Jan Mayen
30%

Score Distribution

Percentile by Number Answered

Percent of People with Each Score

Your Score History

You have not taken this quiz